00773 2200217 4500001002100000005001500021035002000036007000300056008004100059082001900100084002500119100004800144245015700192260006600349300002800415650001300443650001700456856003400473990002400507990002400531INLIS00000000000856420260625013409 a0010-0626000133ta260625 0 ind  a63:001.89(063) a63:001.89(063) BAD p0 aBadan Penelitian Dan Pengembangan Pertanian1 aProsiding Rapat Kerja Badan Penelitian Dan Pengembangan Pertanian Jakarta, 21-22 NOPEMBER 2002 : Evaluasi Strategi Penelitian Dan Pengembangan Pertanian aJakarta :bBadan Penelitian Dan Pengembangan Pertanian,c2002 a73p. :bIlus ;c25.2 cm 4aStrategi 4aPengembangan aPerpustakaan BBRMP Jawa Timur a723/2026/BBRMPJATIM a724/2026/BBRMPJATIM